Свидетельства современников и очевидцев как источник по истории русско-японских отношений; Актуальные проблемы гуманитарных наук

Detaylı Bibliyografya
Parent link:Актуальные проблемы гуманитарных наук.— 2011.— [С. 357-359]
Yazar: Лобажевич А. Ю.
Özet:Заглавие с титульного листа
Dil:Rusça
Baskı/Yayın Bilgisi: 2011
Seri Bilgileri:Регионоведение
Konular:
Online Erişim:http://www.lib.tpu.ru/fulltext/c/2011/C20/154.pdf
Materyal Türü: MixedMaterials Elektronik Kitap Bölümü
KOHA link:https://koha.lib.tpu.ru/cgi-bin/koha/opac-detail.pl?biblionumber=237024

MARC

LEADER 00000naa2a2200000 4500
001 237024
005 20260422130121.0
035 |a (RuTPU)RU\TPU\book\258193 
035 |a RU\TPU\book\258174 
090 |a 237024 
100 |a 20130508d2011 k y0rusy50 ca 
101 0 |a rus 
102 |a RU 
135 |a drnn ---uucaa 
181 0 |a i  
182 0 |a b 
200 1 |a Свидетельства современников и очевидцев как источник по истории русско-японских отношений  |f А. Ю. Лобажевич 
203 |a Текст  |c электронный 
215 |a 1 файл (218 Кб) 
225 1 |a Регионоведение 
300 |a Заглавие с титульного листа 
320 |a [Библиогр.: с. 359 (5 назв.)] 
337 |a Adobe Reader 
463 1 |0 (RuTPU)RU\TPU\book\256720  |t Актуальные проблемы гуманитарных наук  |o сборник научных трудов студентов, аспирантов и молодых ученых 21-22 апреля 2011 г., Томск  |f Национальный исследовательский Томский политехнический университет (ТПУ)   |v [С. 357-359]  |d 2011 
610 1 |a труды учёных ТПУ 
610 1 |a электронный ресурс 
610 1 |a Россия 
610 1 |a Япония 
610 1 |a взаимоотношения 
610 1 |a политические отношения 
610 1 |a культурные отношения 
610 1 |a история 
700 1 |a Лобажевич  |b А. Ю. 
801 2 |a RU  |b 63413507  |c 20130508  |g RCR 
856 4 |u http://www.lib.tpu.ru/fulltext/c/2011/C20/154.pdf 
942 |c CF